000 00224nam a2200097Ia 4500
005 20251222114353.0
008 251222s1900||||xx |||||||||||||| ||spa||
082 _aDVD0070/C11/1989
245 0 _aFrancesco:Francisco
942 _cDVD
999 _c1326
_d1326